[Event "Medellin Cuartas Memorial B"]
[Site "Medellin"]
[Date "2011.08.05"]
[Round "4.37"]
[White "Hinestroza Farfan, Juan C"]
[Black "Ramirez, Eliana"]
[Result "1-0"]
[WhiteElo "1539"]
[BlackElo "1732"]
[PlyCount "53"]
[EventDate "2011.08.03"]
[EventType "swiss"]
[EventRounds "8"]
[EventCountry "COL"]
[SourceTitle "EXT 2024"]
[Source "ChessBase"]
[SourceDate "2023.10.10"]
[SourceVersion "1"]
[SourceVersionDate "2023.10.10"]
[SourceQuality "1"]

1. d4 d5 2. c4 e6 3. e3 Nf6 4. Nc3 Nbd7 5. Nf3 c6 6. Bd3 Bb4 7. 0-0 0-0 8. Qb3 Bxc3 9. bxc3 Qb6 10. Rb1 Qxb3 11. Rxb3 c5 12. Ba3 b6 13. cxd5 exd5 14. c4 Re8 15. cxd5 Nxd5 16. dxc5 Nxc5 17. Bxc5 bxc5 18. Rc1 Nb4 19. Rxc5 Nxa2 20. Nd4 Bd7 21. Rb2 Rec8 22. Rxc8+ Rxc8 23. Rxa2 Rc7 24. h3 h6 25. Nb5 Be6 26. Rxa7 Rxa7 27. Nxa7 1-0